[Event "Dublin Masters"]
[Site "Dublin"]
[Date "2016.09.10"]
[Round "2"]
[White "Manojlovic, Zdravko"]
[Black "Terryn, Ezra"]
[Result "0-1"]
[WhiteElo "2073"]
[BlackElo "1980"]
[PlyCount "58"]
[EventDate "2016.09.08"]
[EventType "swiss"]
[EventRounds "5"]
[EventCountry "IRL"]
[SourceTitle "EXT 2023"]
[Source "ChessBase"]
[SourceDate "2022.10.05"]
[SourceVersion "1"]
[SourceVersionDate "2022.10.05"]
[SourceQuality "1"]

1. e4 c5 2. c3 g6 3. d4 cxd4 4. cxd4 d5 5. exd5 Bg7 6. Nc3 Nf6 7. Bc4 0-0 8. Nf3 Nbd7 9. 0-0 Nb6 10. Bb3 Nfxd5 11. Re1 Be6 12. Bg5 Re8 13. Qd2 Rc8 14. Rad1 Nc4 15. Qe2 h6 16. Bc1 Nxb2 17. Qxb2 Nxc3 18. Rd3 Bxb3 19. axb3 Nd5 20. Ne5 e6 21. Rh3 Nb4 22. Bxh6 Rc2 23. Qa1 Bxh6 24. Rxh6 Qf6 25. Rf1 Rec8 26. Rh3 Qf4 27. Rf3 Qd2 28. Qxa7 Rc1 29. g3 Qe2 0-1